Top 3 NBA 2K18 Players by College: SEC - Statistics

General Stats
  • This quiz has been taken 15 times
  • The average score is 10 of 26
Answer Stats
College Player Rating % Correct
Kentucky Anthony Davis 94
93%
Kentucky DeMarcus Cousins 92
79%
LSU Ben Simmons 79
71%
Florida David Lee / Marreese Speights / Chandler Parsons / Joakim Noah 74
71%
Florida Al Horford 83
57%
Vanderbilt Damian Jones 70
57%
Kentucky Karl-Anthony Towns 91
57%
Florida Bradley Beal 87
50%
Texas A&M DeAndre Jordan 87
50%
Arkansas Joe Johnson 76
50%
Arkansas Bobby Portis 76
43%
Texas A&M Khris Middleton 81
43%
Tennessee Tobias Harris 78
43%
Tennessee Josh Richardson 74
29%
Georgia Kentavious Caldwell-Pope 79
29%
Arkansas Patrick Beverley 79
29%
Tennessee C.J. Watson 72
21%
Missouri DeMarre Carroll 75
21%
Vanderbilt Festus Ezeli 74
14%
Alabama Alonzo Gee 71
7%
LSU Brandon Bass 74
7%
Georgia Damien Wilkins 68
7%
LSU Garrett Temple 74
7%
Vanderbilt John Jenkins / Wade Baldwin IV 69
7%
Missouri Jordan Clarkson 77
7%
South Carolina Sindarius Thornwell 68
7%
No matching quizzes found
Score Distribution
Percent of People with Each Score
Percentile by Number Answered
Your Score History
You have not taken this quiz